header

Assassins and conspirators : (Record no. 4129)

MARC details
000 -LEADER
fixed length control field 01853nam a2200433 i 4500
001 - CONTROL NUMBER
control field ebr10950067
003 - CONTROL NUMBER IDENTIFIER
control field CaPaEBR
006 - FIXED-LENGTH DATA ELEMENTS--ADDITIONAL MATERIAL CHARACTERISTICS--GENERAL INFORMATION
fixed length control field m o d
007 - PHYSICAL DESCRIPTION FIXED FIELD--GENERAL INFORMATION
fixed length control field cr cn|||||||||
008 - FIXED-LENGTH DATA ELEMENTS--GENERAL INFORMATION
fixed length control field 141015t20142014ilu ob 001 0 eng d
020 ## - INTERNATIONAL STANDARD BOOK NUMBER
Cancelled/invalid ISBN 9780875804811
International Standard Book Number 9781609091538 (e-book)
040 ## - CATALOGING SOURCE
Original cataloging agency CaPaEBR
Language of cataloging eng
Description conventions rda
-- pn
Transcribing agency CaPaEBR
035 ## - SYSTEM CONTROL NUMBER
System control number (OCoLC)879927512
043 ## - GEOGRAPHIC AREA CODE
Geographic area code e-gx---
050 14 - LIBRARY OF CONGRESS CALL NUMBER
Classification number N3388
Item number .G337 2014eb
082 04 - DEWEY DECIMAL CLASSIFICATION NUMBER
Classification number 320.943/09034
Edition number 23
100 1# - MAIN ENTRY--PERSONAL NAME
Personal name Gabriel, Elun T.,
Relator term author.
245 10 - TITLE STATEMENT
Title Assassins and conspirators :
Remainder of title anarchism, socialism, and political culture in imperial Germany /
Statement of responsibility, etc Elun T. Gabriel ; Yuni Dorr, design.
264 #1 - PRODUCTION, PUBLICATION, DISTRIBUTION, MANUFACTURE, AND COPYRIGHT NOTICE
Place of production, publication, distribution, manufacture DeKalb, Illinois :
Name of producer, publisher, distributor, manufacturer NIU Press,
Date of production, publication, distribution, manufacture, or copyright notice 2014.
Date of production, publication, distribution, manufacture, or copyright notice �2014
300 ## - PHYSICAL DESCRIPTION
Extent 1 online resource (314 pages)
336 ## - CONTENT TYPE
Content type term text
Source rdacontent
337 ## - MEDIA TYPE
Media type term computer
Source rdamedia
338 ## - CARRIER TYPE
Carrier type term online resource
Source rdacarrier
504 ## - BIBLIOGRAPHY, ETC. NOTE
Bibliography, etc Includes bibliographical references and index.
588 ## - SOURCE OF DESCRIPTION NOTE
Source of description note Description based on print version record.
590 ## - LOCAL NOTE (RLIN)
Local note Electronic reproduction. Palo Alto, Calif. : ebrary, 2014. Available via World Wide Web. Access may be limited to ebrary affiliated libraries.
650 #0 - SUBJECT ADDED ENTRY--TOPICAL TERM
Topical term or geographic name as entry element Political culture
Geographic subdivision Germany
Chronological subdivision 19th century.
Topical term or geographic name as entry element Political culture
Geographic subdivision Germany
Chronological subdivision 20th century.
Topical term or geographic name as entry element Anarchism.
Topical term or geographic name as entry element Socialism.
651 #0 - SUBJECT ADDED ENTRY--GEOGRAPHIC NAME
Geographic name Germany
General subdivision Politics and government
Chronological subdivision 1871-1918.
655 #0 - INDEX TERM--GENRE/FORM
Genre/form data or focus term Electronic books.
700 1# - ADDED ENTRY--PERSONAL NAME
Personal name Dorr, Yuni,
Relator term designer.
776 08 - ADDITIONAL PHYSICAL FORM ENTRY
Display text Print version:
Main entry heading Gabriel, Elun T.
Title Assassins and conspirators : anarchism, socialism, and political culture in imperial Germany.
Place, publisher, and date of publication DeKalb, Illinois : NIU Press, c2014
Physical description xi, 302 pages
International Standard Book Number 9780875804811
Record control number 2013041736
797 2# - LOCAL ADDED ENTRY--CORPORATE NAME (RLIN)
Corporate name or jurisdiction name as entry element ebrary.
856 40 - ELECTRONIC LOCATION AND ACCESS
Uniform Resource Identifier <a href="http://site.ebrary.com/lib/rucke/Doc?id=10950067">http://site.ebrary.com/lib/rucke/Doc?id=10950067</a>
Public note An electronic book accessible through the World Wide Web; click to view

No items available.

© 2026 Rongo University
Contact us: librarian | system librarian | Rongo university